LEADER 01194nam a2200337 i 4500 001 991001200049707536 008 050905s2005 riu b 001 0 eng d 020 $a0821836412 035 $ab13335625-39ule_inst 040 $aDip.to Matematica$beng 082 04$a512.73$222 084 $aAMS 11M 084 $aAMS 11R 084 $aAMS 22E 084 $aAMS 11S 084 $aLC QA246.M76 100 1 $aMoreno, Carlos Julio$0622663 245 10$aAdvanced analytic number theory :$bL-functions /$cCarlos Julio Moreno 260 $aProvidence, R.I. :$bAmerican Mathematical Society,$c2005 300 $axx, 291 p. ;$c27 cm 440 0$aMathematical surveys and monographs,$x0076-5376 ;$v115 504 $aIncludes bibliographical references (p. 283-290) and index 650 0$aL-functions 650 0$aAlgebraic number theory 650 0$aLie groups 907 $a.b13335625$b21-09-06$c05-09-05 912 $a991001200049707536 945 $aLE013 11M MOR11 (2005)$g1$i2013000290829$lle013$op$pE64.48$q-$rl$s- $t0$u2$v0$w2$x0$y.i14132643$z05-10-05 996 $aAdvanced analytic number theory$91092710 997 $aUNISALENTO 998 $ale013$b05-09-05$cm$da $e-$feng$griu$h0$i0 LEADER 01948nam 2200433z- 450 001 9910557643903321 005 20211118 035 $a(CKB)5400000000045014 035 $a(oapen)https://directory.doabooks.org/handle/20.500.12854/73328 035 $a(oapen)doab73328 035 $a(EXLCZ)995400000000045014 100 $a20202111d2019 |y 0 101 0 $aeng 135 $aurmn|---annan 181 $ctxt$2rdacontent 182 $cc$2rdamedia 183 $acr$2rdacarrier 200 00$aPromoting Manual Dexterity Recovery After Stroke 210 $cFrontiers Media SA$d2019 215 $a1 online resource (143 p.) 311 08$a2-88963-173-7 330 $aThis eBook is a collection of articles from a Frontiers Research Topic. Frontiers Research Topics are very popular trademarks of the Frontiers Journals Series: they are collections of at least ten articles, all centered on a particular subject. With their unique mix of varied contributions from Original Research to Review Articles, Frontiers Research Topics unify the most influential researchers, the latest key findings and historical advances in a hot research area! Find out more on how to host your own Frontiers Research Topic or contribute to one as an author by contacting the Frontiers Editorial Office: frontiersin.org/about/contact 606 $aMedicine and Nursing$2bicssc 606 $aNeurology and clinical neurophysiology$2bicssc 610 $adexterity 610 $aNeurorehabiliation 610 $aprediction 610 $aRecovery 610 $aStroke 615 7$aMedicine and Nursing 615 7$aNeurology and clinical neurophysiology 700 $aLotze$b Martin$4edt$01322499 702 $aLindberg$b Påvel G$4edt 702 $aLotze$b Martin$4oth 702 $aLindberg$b Påvel G$4oth 906 $aBOOK 912 $a9910557643903321 996 $aPromoting Manual Dexterity Recovery After Stroke$93035084 997 $aUNINA